LEADER 02128nam a2200373 u 4500 001 000000051951 003 CaOOAMICUS 005 20070226115408.0 008 001004s1999 fr u000 u fre u 020 $a2204051276 035 $a10857193 040 $aPUL$bita 100 1 $aDurand, Jean-Paul.$0(OLS)http://pul/name/37222 245 13$aLa liberté des congrégations religieuses en France.$nII,$pRégimes français des congrégations religieuses :$bcongrégations simplement licites et congrégations reconnues /$cJean-Paul Durand. 246 30$aRégimes français des congrégations religieuses : congrégations simplement licites et congrégations reconnues 260 $aParis :$bCerf,$c1999. 300 $a843 p. ;$c26 cm 500 $aIl tit. principale segue il tit. della parte. 504 $aBibliografia in nota. 650 4$aCongregazioni religiose$zFrancia.$0(OLS)http://pul/subject/15462 650 4$aDiritto ecclesiastico$zFrancia.$0(OLS)http://pul/subject/7296 651 4$aFrancia$xStoria ecclesiastica$ySec. XX.$0(OLS)http://pul/subject/19649 850 $aPUL 852 $aPUL$W1$xSL Diritto Canonico 1$y5$m151 G 47$j68748$nBK-PRI$b $qStampati$B68748$CPULBib$Z2$F68748 $H $81 852 $aPUL$W1$xSL Diritto Canonico 1$y5$m153 L 7/II$j68749$nBK-PRI$b $qStampati$B68749$CPULBib$Z2$F68749 $81 852 $aPUL$W1$xDP1 Fondo G. Barberini$y122$m3 C 78$j166214$nBK-PRI$b 2 copia$qFondi$B179085$CPULBib$Z2$F179085 $HBar1946 $81 941 1 $a1 941 1 $a8 961 $aINV: 82899 961 $aINV: 88879 996 $6020$a2204051276$9(OLS)http://pul/number/65694 996 $6245$aLa liberté des congrégations religieuses en France.$nII,$pRégimes français des congrégations religieuses :$bcongrégations simplement licites et congrégations reconnues$9(OLS)http://pul/title/69712 996 $6246$aRégimes français des congrégations religieuses : congrégations simplement licites et congrégations reconnues$9(OLS)http://pul/title/69713 996 $6260$aParis :$bCerf$9(OLS)http://pul/publisher/48238 LEADER 01149nam a2200289 a 4500 001 000000170596 003 CaOOAMICUS 005 20181119121019.0 008 181119s2001 it u000 u ita r 020 $z88-7610-946-3* 032 $aLibriCat 040 $aPUL$bita 041 1 $aita$hpor 100 1 $aSartorio, Ugo,$cO.F.M.$0(OLS)http://pul/name/48996 245 10$aDire la vita consacrata oggi : $balla ricerca di nuove sintesi vitali / $cUgo Sartorio . 260 $aMilano :$bÀncora,$c©2001. 300 $a191 p. ; $c22 cm. 490 1 $aVita consacrata 650 4$aVita consacrata.$0(OLS)http://pul/subject/13125 830 0$aVita consacrata.$0(OLS)http://pul/title/50358 850 $aPUL 852 $aPUL$W1$xDP2 Religione 3$y114$m262. 24 SARUG 1$j193400$qDDC 21$B198935$CPULBib$Z2$F198935 $H131679 $81 941 1 $a9 996 $6020$z88-7610-946-3*$9(OLS)http://pul/number/165333 996 $6245$aDire la vita consacrata oggi : $balla ricerca di nuove sintesi vitali / $9(OLS)http://pul/title/211392 996 $6260$aMilano :$bÀncora$9(OLS)http://pul/publisher/53070